000 00594nam a22001817a 4500
999 _c5772
_d5772
003 GBCCL
005 20241126110549.0
008 180406b ||||| |||| 00| 0 eng d
040 _cgbc
082 _a252
_bHOW
100 _aHoward, V. E.
_910456
245 _aThe Occults:
_bAstrology-Demonism; Church of Satan-Spiritualism; Witchcraft-Reincarnation /
_cV. E. Howard
260 _aLouisiana:
_bCentral Printers & Publishers,
_c1976
300 _a160 p.;
_bill.,
_c21 cm.
650 _aSermons
_zAmerican
_910457
650 _aOccultism
_vReligious aspects
_xChristianity
_910458
942 _2ddc
_cBK
_01